[Event "FRA-chT2C 0506"]
[Site "France"]
[Date "2006.03.11"]
[Round "8.9"]
[White "Navratil, Pierre"]
[Black "Benassayag, Lucas"]
[Result "0-1"]
[WhiteElo "1913"]
[BlackElo "2037"]
[PlyCount "102"]
[EventDate "2005.10.27"]
[EventType "team"]
[EventRounds "11"]
[EventCountry "FRA"]
[SourceTitle "EXT 2006"]
[Source "ChessBase"]
[SourceDate "2005.11.24"]
[SourceVersion "1"]
[SourceVersionDate "2005.11.24"]
[SourceQuality "1"]

1. e4 c5 2. Nf3 d6 3. Be2 Nf6 4. c3 Nc6 5. d4 cxd4 6. cxd4 Nxe4 7. d5 Qa5+ 8. Nc3 Nxc3 9. bxc3 Ne5 10. Nxe5 Qxc3+ 11. Bd2 Qxe5 12. Be3 Bd7 13. 0-0 Qf5 14. Qb3 b6 15. Bd3 Qg4 16. h3 Qa4 17. Qb2 f6 18. Rac1 g6 19. Rc7 Kf7 20. Rfc1 Bg7 21. R7c4 Qb5 22. Qe2 f5 23. a4 Qb2 24. Qd1 Rac8 25. Rb1 Qa2 26. Rcb4 Bc3 27. Rf4 Be5 28. Rf3 Bxa4 29. Rxf5+ Kg7 30. Qg4 Bd7 31. Rf7+ Kxf7 32. Qxd7 Qxd5 33. Be2 Qa2 34. Bd3 Rhd8 35. Qb5 Qa5 36. Qb3+ d5 37. Bg5 Rc3 38. Qd1 Qc5 39. Qf3+ Kg7 40. Qe2 Qd6 41. Bd2 Rcc8 42. Qg4 Qf6 43. Bg5 Qf7 44. Qe2 Bf6 45. Bd2 Rf8 46. Ba6 Rc6 47. Bb5 Re6 48. Qf1 Bd4 49. Qd3 Qxf2+ 50. Kh1 Be5 51. Be3 Qg3 0-1

[Event "FRA-chT2C 0506"]
[Site "France"]
[Date "2006.01.15"]
[Round "6.8"]
[White "Navratil, Pierre"]
[Black "Roques, Pascal"]
[Result "0-1"]
[WhiteElo "1913"]
[BlackElo "2050"]
[PlyCount "64"]
[EventDate "2005.10.27"]
[EventType "team"]
[EventRounds "11"]
[EventCountry "FRA"]
[SourceTitle "EXT 2006"]
[Source "ChessBase"]
[SourceDate "2005.11.24"]
[SourceVersion "1"]
[SourceVersionDate "2005.11.24"]
[SourceQuality "1"]

1. e4 Nc6 2. d4 e5 3. Bc4 Nf6 4. Bg5 Nxd4 5. c3 Ne6 6. Nf3 d6 7. Qb3 Be7 8. Nbd2 c6 9. a4 Rb8 10. Rd1 0-0 11. Be3 Qa5 12. Qc2 b5 13. b4 Qc7 14. Ba2 a5 15. 0-0 axb4 16. cxb4 bxa4 17. Qxa4 d5 18. exd5 Nxd5 19. Bxd5 cxd5 20. Rc1 Qd8 21. Bc5 Bd7 22. Qa2 Bb5 23. Bxe7 Qxe7 24. Rfe1 e4 25. Ne5 Nf4 26. Nc6 Bxc6 27. Rxc6 Rxb4 28. g3 Nd3 29. Rf1 Rb2 30. Qa5 e3 31. Rc7 exf2+ 32. Rxf2 Qe1+ 0-1